| 000 | 00956cam a2200265 a 4500 | ||
|---|---|---|---|
| 001 | 875 | ||
| 003 | BR-CuiBMT | ||
| 005 | 20231122025143.0 | ||
| 008 | 230824s2015 prba 000 0 por d | ||
| 020 | _a9788599369289 | ||
| 040 |
_aBR-CuiBMT _cBR-CuiBMT |
||
| 080 |
_22007 _a351.712.2 |
||
| 090 |
_a351.712.2 _bO48c |
||
| 100 | 1 |
_aOliveira, Gustavo Justino de, _d1970- |
|
| 245 | 1 | 0 |
_aContratação de serviços técnicos especializados por inexigibilidade de licitação pública / _cGustavo Justino de Oliveira, Gustavo Henrique Carvalho Schiefler. |
| 260 |
_aCuritiba : _bZênite, _c2015. |
||
| 300 |
_a194 p. ; _c21 cm |
||
| 504 | _aInclui bibliografia. | ||
| 650 |
_aLicitações e contratos _xDireito administrativo |
||
| 650 |
_aContratação de obras e serviços _xLicitação _zBrasil |
||
| 650 |
_aCompras públicas _zBrasil |
||
| 650 | _aInexigibilidade de licitação | ||
| 700 | 1 | _aSchiefler, Gustavo Henrique Carvalho | |
| 942 |
_2udc _cLV |
||
| 999 |
_c875 _d875 |
||